Nejronyje seti i cepi Markova

Saved in:
Bibliographic Details
Main Author: Četajev, Aleksandr Nikolajevič
Format: Book
Language:Russian
Published: Moskva Nauka 1985
Tags: Add Tag
No Tags, Be the first to tag this record!

MARC

LEADER 00000nam a2200000 4500
001 c110528
005 20041019155147.1
041 0 |a rus 
044 |a RU 
245 1 0 |a Nejronyje seti i cepi Markova  |c Aleksandr Nikolajevič Četajev 
264 1 |a Moskva  |b Nauka  |c 1985 
300 |a 125 s. 
100 1 |a Četajev, Aleksandr Nikolajevič